Sifat rajin

Bibliographic Details
Format: Book
Published: Kuala lumpur : Penerbitan fargoes sdn.bhd. , 1996
Series:Siri pekerti murni

MARC

LEADER 00000cam a2200000 7i4500
001 0000077273
005 20171226.0
008 171226
020 |a 9830410676 
090 0 0 |a JAW 
245 0 0 |a Sifat rajin   |c Disusun oleh Norman Haikal 
260 |a Kuala lumpur :   |b Penerbitan fargoes sdn.bhd. ,   |c 1996 
490 1 |a Siri pekerti murni 
999 |a 0000455731   |b Book   |c Children Collection   |e Cawangan Pontian 
999 |a 000075273   |b Book   |c Children Collection   |e Cawangan Pontian 
999 |a 0000764526   |b Book   |c Children Collection   |e Cawangan Bandar Penawar 
999 |a 0000764527   |b Book   |c Children Collection   |e Cawangan Bandar Penawar 
999 |a 0000775272   |b Book   |c Children Collection   |e Cawangan Pontian 
999 |a 0000775274   |b Book   |c Children Collection   |e Cawangan Pontian 
999 |a 0000787866   |b Book   |c Children Collection   |e Cawangan Segamat 
999 |a 0000787867   |b Book   |c Children Collection   |e Cawangan Segamat 
999 |a 0000787868   |b Book   |c Children Collection   |e Cawangan Segamat